Vedení týmů jak sestavit, organizovat a povzbuzovat pracovní tým

Enregistré dans:
Détails bibliographiques
Auteur principal: Krüger, Wolfgang
Autres auteurs: Kunst, Petr
Format: Livre
Langue:tchèque
Publié: Praha Grada Publishing 2004
Collection:Poradce pro praxi
Sujets:
Tags: Ajouter un tag
Pas de tags, Soyez le premier à ajouter un tag!

MARC

LEADER 00000nam$a2200000$$$4500
001 0019736
005 20240313133629.5
020 |a 80-247-0780-2 
041 0 |a cze 
044 |a CZ 
245 1 0 |a Vedení týmů  |b jak sestavit, organizovat a povzbuzovat pracovní tým  |c Wolfgang Krüger ; překlad Petr Kunst 
264 1 |a Praha  |b Grada Publishing  |c 2004 
300 |a 108 s. 
490 1 |a Poradce pro praxi 
830 0 |a Poradce pro praxi 
610 2 0 |a vedenie ľudí 
610 2 0 |a tímy pracovné 
610 2 0 |a práca tímová 
610 2 0 |a manažéri 
610 2 0 |a komunikácia 
610 2 0 |a organizácia práce 
610 2 0 |a manažment 
610 2 0 |a riadenie ľudských zdrojov 
100 1 |a Krüger, Wolfgang 
700 1 |a Kunst, Petr